MARC details
| 000 -LEADER |
| fixed length control field |
02501cam a2200505 i 4500 |
| 001 - CONTROL NUMBER |
| control field |
200468084 |
| 003 - CONTROL NUMBER IDENTIFIER |
| control field |
TR-AnTOB |
| 005 - DATE AND TIME OF LATEST TRANSACTION |
| control field |
20260413155508.0 |
| 007 - PHYSICAL DESCRIPTION FIXED FIELD--GENERAL INFORMATION |
| fixed length control field |
ta |
| 008 - FIXED-LENGTH DATA ELEMENTS--GENERAL INFORMATION |
| fixed length control field |
260413s1990 idu 000 j eng |
| 010 ## - LIBRARY OF CONGRESS CONTROL NUMBER |
| LC control number |
89082162 |
| 020 ## - INTERNATIONAL STANDARD BOOK NUMBER |
| International Standard Book Number |
0917652762 |
| Qualifying information |
(paperback) |
|
| International Standard Book Number |
9780917652769 |
| Qualifying information |
(paperback) |
| 035 ## - SYSTEM CONTROL NUMBER |
| System control number |
(CStRLIN)NJPG92-B10507 |
|
| System control number |
(NjP)701951-princetondb |
|
| Canceled/invalid control number |
(NjP)Voyager701951 |
|
| System control number |
(OCoLC)ocm22450751 |
|
| System control number |
(TR-AnTOB)200468084 |
| 040 ## - CATALOGING SOURCE |
| Original cataloging agency |
DLC |
| Language of cataloging |
eng |
| Description conventions |
rda |
| Transcribing agency |
DLC |
| Modifying agency |
OCL |
| -- |
BAKER |
| -- |
BTCTA |
| -- |
YDXCP |
| -- |
OCLCG |
| -- |
BDX |
| -- |
OCLCO |
| -- |
OSU |
| -- |
OCLCF |
| -- |
OCLCQ |
| -- |
OCLCO |
| -- |
OCLCQ |
| -- |
XFH |
| -- |
OCL |
| -- |
OCLCO |
| -- |
OCL |
| -- |
GDC |
| -- |
OCL |
| -- |
NTE |
| -- |
OCLCO |
| -- |
OCLCL |
| -- |
TR-AnTOB |
| 041 0# - LANGUAGE CODE |
| Language code of text/sound track or separate title |
İngilizce |
| 043 ## - GEOGRAPHIC AREA CODE |
| Geographic area code |
n-usp-- |
| -- |
nr----- |
| 050 04 - LIBRARY OF CONGRESS CALL NUMBER |
| Classification number |
PS567 |
| Item number |
.P37 1990 |
| 090 ## - LOCALLY ASSIGNED LC-TYPE CALL NUMBER (OCLC); LOCAL CALL NUMBER (RLIN) |
| Classification number (OCLC) (R) ; Classification number, CALL (RLIN) (NR) |
PS567 |
| Local cutter number (OCLC) ; Book number/undivided call number, CALL (RLIN) |
.P37 1990 |
| 245 00 - TITLE STATEMENT |
| Title |
Passages west : |
| Remainder of title |
nineteen stories of youth and identity / |
| Statement of responsibility, etc. |
edited by Hugh Nichols ; Mary Clearman Blew [and thirteen others]. |
| 250 ## - EDITION STATEMENT |
| Edition statement |
First paper edition. |
| 264 #1 - PRODUCTION, PUBLICATION, DISTRIBUTION, MANUFACTURE, AND COPYRIGHT NOTICE |
| Place of production, publication, distribution, manufacture |
Lewiston, Idaho : |
| Name of producer, publisher, distributor, manufacturer |
Confluence Press, Inc. ; |
| Place of production, publication, distribution, manufacture |
Lanham, Md. : |
| Name of producer, publisher, distributor, manufacturer |
Distributed to the trade by National Book Network, |
| Date of production, publication, distribution, manufacture, or copyright notice |
1990. |
| 300 ## - PHYSICAL DESCRIPTION |
| Extent |
ix, 405 pages ; |
| Dimensions |
22 cm |
| 336 ## - CONTENT TYPE |
| Content type term |
text |
| Content type code |
txt |
| Source |
rdacontent |
| 337 ## - MEDIA TYPE |
| Media type term |
unmediated |
| Media type code |
n |
| Source |
rdamedia |
| 338 ## - CARRIER TYPE |
| Carrier type term |
volume |
| Carrier type code |
nc |
| Source |
rdacarrier |
| 490 0# - SERIES STATEMENT |
| Series statement |
Short fiction series |
| 505 0# - FORMATTED CONTENTS NOTE |
| Formatted contents note |
The snowies, the Judiths / Mary Clearman Blew -- Nobody said anything / Raymond Carver -- The buck in the hills / Walter Van Tilburg Clark -- The kettle of fire ; The homestead orchard / H.L. Davis -- Flip / Ivan Doig -- Love in Idaho / Vardis Fisher -- Communist / Richard Ford -- Ebbie / A.B. Guthrie, Jr. -- The gift by the wagon ; Prairie kid ; Flame on the frontier / Dorothy M. Johnson -- The waterfowl tree / William Kittredge -- Great blue / David Long -- USFS 1919: the ranger, the cook, and a hole in the sky / Norman Maclean -- Walking out / David Quammen -- The colt ; Chip off the old block ; The chink / Wallace Stegner. |
| 650 #0 - SUBJECT ADDED ENTRY--TOPICAL TERM |
| Topical term or geographic name entry element |
Short stories, American |
| Geographic subdivision |
Rocky Mountains |
| 9 (RLIN) |
46151 |
|
| Topical term or geographic name entry element |
Short stories, American |
| Geographic subdivision |
West (U.S.) |
| 9 (RLIN) |
46151 |
|
| Topical term or geographic name entry element |
Identity (Psychology) |
| Form subdivision |
Fiction |
| 9 (RLIN) |
76884 |
|
| Topical term or geographic name entry element |
Mountain life |
| Form subdivision |
Fiction |
| 9 (RLIN) |
42259 |
|
| Topical term or geographic name entry element |
Youth |
| Form subdivision |
Fiction |
| 9 (RLIN) |
153611 |
|
| Topical term or geographic name entry element |
Western stories |
| 9 (RLIN) |
153612 |
| 651 #0 - SUBJECT ADDED ENTRY--GEOGRAPHIC NAME |
| Geographic name |
Rocky Mountains |
| Form subdivision |
Fiction |
| 9 (RLIN) |
153613 |
| 700 1# - ADDED ENTRY--PERSONAL NAME |
| Personal name |
Nichols, Hugh |
| Relator term |
editor |
| Relator code |
edt |
| 9 (RLIN) |
153614 |
|
| Personal name |
Blew, Mary Clearman, |
| Dates associated with a name |
1939- |
| Relator term |
author |
| Relator code |
aut |
| 9 (RLIN) |
153615 |
| 942 ## - ADDED ENTRY ELEMENTS (KOHA) |
| Source of classification or shelving scheme |
Library of Congress Classification |
| Koha item type |
Book |